• 首页
  • 本馆介绍
  • 公告通知
  • 最新文献
  • 馆藏检索
  • 电子资源
  • 读者导购
  • 参考咨询
  • 我的图书馆
  • 登录
  • 详细信息显示
  • 放入我的书架
  • 预约/预借图书
  • 作者相关作品
  • 分类相关作品
  • 丛书相关作品
  • 出版社相关作品

书目信息

  • 表格格式
  • 工作单格式
  • 卡片格式
题名:
学生生涯规划体验课实录
    
 
作者: 韦志中 著
分册:  
出版信息: 北京   西苑出版社  2020.06
页数: 236页
开本: 24cm
丛书名:
单 册:
中图分类: G632.46 , G637.3
科图分类:
主题词: 中小学生--zhong xiao xue sheng--学习方法--教学研究 , 中小学生--zhong xiao xue sheng--职业选择--教学研究
电子资源:
ISBN: 978-7-5151-0748-6
000 01106nam0 2200253 450
001 0109110052
005 20201109110333.0
010    @a978-7-5151-0748-6@b精装@dCNY59.80
100    @a20200423d2020 em y0chiy0110 ea
101 0  @achi
102    @aCN@b110000
105    @ay z 000yy
106    @ar
200 1  @a学生生涯规划体验课实录@Axue sheng sheng ya gui hua ti yan ke shi lu@f韦志中著
210    @a北京@c西苑出版社@d2020.06
215    @a236页@d24cm
330    @a本书中以生涯规划为主题的体验课堂和即时评课环节,就是以教师的教学活动的优化和学生的体验提升为中心的,再辅以细节上的改善,这对习惯了传统课堂学习的学生们来说,是一种新奇和深刻的课堂方式。对习惯了照着书本念知识和解习题的老师而言,这是一种快速提高教学能力的授课方式,对整个学校教育而言,是一种补充性质的充满活力的也能调节师生身心的一种课堂形式。
606 0  @a中小学生@Azhong xiao xue sheng@x学习方法@x教学研究
606 0  @a中小学生@Azhong xiao xue sheng@x职业选择@x教学研究
690    @aG632.46@v5
690    @aG637.3@v5
701  0 @a韦志中@Awei zhi zhong@4著
801  0 @aCN@bBJSZM@c20201103
905    @b1265731-5@dG632.46@e1009@f5
    
    学生生涯规划体验课实录/韦志中著.-北京:西苑出版社,2020.06
    236页;24cm
    
    
    ISBN 978-7-5151-0748-6(精装):CNY59.80
    本书中以生涯规划为主题的体验课堂和即时评课环节,就是以教师的教学活动的优化和学生的体验提升为中心的,再辅以细节上的改善,这对习惯了传统课堂学习的学生们来说,是一种新奇和深刻的课堂方式。对习惯了照着书本念知识和解习题的老师而言,这是一种快速提高教学能力的授课方式,对整个学校教育而言,是一种补充性质的充满活力的也能调节师生身心的一种课堂形式。
●
相关链接 在E读中查询图书 在五车中查询图书 在当当中查询图书 在豆瓣中查询图书


正题名:学生生涯规划体验课实录     索取号:G632.46/1009         预约/预借

序号 登录号 条形码 馆藏地/架位号 状态 备注
1 1265731   212657310   第一样本阅览室/ [索取号:G632.46/1009] 在馆    
2 1265732   212657329   教育系资料室/ [索取号:G632.46/1009] 在馆    
3 1265733   212657338   教育系资料室/ [索取号:G632.46/1009] 在馆    
4 1265734   212657347   第四借阅区/ [索取号:G632.46/1009] 在馆    
5 1265735   212657356   第四借阅区/ [索取号:G632.46/1009] 在馆    
唐山师范学院图书馆 欢迎您!
大连网信软件有限公司© 版权所有